000 01317nam a2200241Ia 4500
999 _c50310
_d50310
001 17251
003 GE_BSU
005 20200207142503.0
008 181216s2013ge xx |||||||||||||| ||geo||
020 _a9789941107344
040 _cGE_BSU
041 _ageo
080 _a821.353.1.09 ბ-91
100 _aბრეგაძე, კონსტანტინე.
_96888
245 _aქართული მოდერნიზმი : (გრ. რობაქიძე, კ. გამსახურდია, გ. ტაბიძე) :
_b[სტატიების კრებული] /
_cკონსტანტინე ბრეგაძე.
264 _aთბილისი :
_bმერიდიანი,
_c2013.
300 _a436 გვ.:
_c21 სმ.
500 _aმე-2გვ:ინგლ.და გერმ.ენ.-პირთა საძიებელი გვ:419-433
520 _aGeorgische Literarische Moderne : Grigol Robakidse, Konstantine Gamsachurdia, Galaktion Tabidse
653 _aქართული ლიტერატურა
653 _aქართული ლიტერატურის ისტორია და კრიტიკა მოდერნიზმი ქართულ ლიტერატურაში
942 _cBK
_2udc